| 000 | 01052nam0a22002411 4500 | ||
|---|---|---|---|
| 001 | rc\2639256 | ||
| 005 | 20260407105700.0 | ||
| 035 | _a(NLR Aleph) 006947312 | ||
| 090 |
_a5212130 _c5212130 |
||
| 100 | _a20110603d1928 |||y0rusy50 ca | ||
| 101 | 0 | _arus | |
| 102 | _aRU | ||
| 105 | _ay z ||||| | ||
| 200 | 1 |
_aЗаписная книжка волостного статистика и добровольного корреспондента на 1928 год _fАрхангельск. губ. стат. отд. |
|
| 210 |
_aАрхангельск _cБ. и. _d1928 _gтип. т-ва "Призыв" им. т. Склепина |
||
| 215 |
_a168 с., из них часть для записи _d17х11 см |
||
| 300 | _aВ картонном переплете с коленкоровым корешком | ||
| 710 | 0 | 2 |
_aАрхангельский губернский статистический отдел _3RU\NLR\AUTH\8810061428 _9624325 |
| 801 | 0 |
_aRU _bNLR _gpsbo |
|
| 801 | 1 |
_aRU _bELAR _2rusmarc |
|
| 852 |
_aNLR _j58/28 |
||
| 942 | _cBOOK | ||
| 980 | _aNB | ||